North-East India : a handbook of anthropology (Record no. 443653)

000 -LEADER
fixed length control field 00415cam a22001337a 4500
008 - FIXED-LENGTH DATA ELEMENTS--GENERAL INFORMATION
fixed length control field 180718b2012 xxu||||| |||| 00| 0 eng d
020 ## - INTERNATIONAL STANDARD BOOK NUMBER
International Standard Book Number 9788125045557
082 ## - DEWEY DECIMAL CLASSIFICATION NUMBER
Classification number A6x5411 Su14
245 ## - TITLE STATEMENT
Title North-East India : a handbook of anthropology
Statement of responsibility, etc. edited by T.B. Subba
260 ## - PUBLICATION, DISTRIBUTION, ETC.
Place of publication, distribution, etc. New Delhi
Name of publisher, distributor, etc. Orient Blackswan
Date of publication, distribution, etc. 2012
300 ## - PHYSICAL DESCRIPTION
Extent 430p.
650 ## - SUBJECT ADDED ENTRY--TOPICAL TERM
Topical term or geographic name entry element India, Northeastern --Handbooks, manuals, etc.
700 ## - ADDED ENTRY--PERSONAL NAME
Personal name Subba, T.B.
Holdings
Withdrawn status Lost status Damaged status Not for loan Permanent Location Current Location Date acquired Total Checkouts Full call number Barcode Date last seen Date last checked out Price effective from Koha item type
        Indian Institute of Public Administration Indian Institute of Public Administration 2014-02-27 2 A6x5411 Su14 85531 2019-12-20 2019-09-30 2018-07-21 Book

Powered by Koha